<?xml version="1.0" encoding="UTF-8"?><?xml-stylesheet type="text/xsl" href="static/style.xsl"?><OAI-PMH xmlns="http://www.openarchives.org/OAI/2.0/" xmlns:xsi="http://www.w3.org/2001/XMLSchema-instance" xsi:schemaLocation="http://www.openarchives.org/OAI/2.0/ http://www.openarchives.org/OAI/2.0/OAI-PMH.xsd"><responseDate>2026-04-14T02:54:23Z</responseDate><request verb="GetRecord" identifier="oai:www.recercat.cat:2072/533372" metadataPrefix="marc">https://recercat.cat/oai/request</request><GetRecord><record><header><identifier>oai:recercat.cat:2072/533372</identifier><datestamp>2026-03-26T13:57:21Z</datestamp><setSpec>com_2072_220028</setSpec><setSpec>com_2072_4427</setSpec><setSpec>col_2072_237189</setSpec></header><metadata><record xmlns="http://www.loc.gov/MARC21/slim" xmlns:dcterms="http://purl.org/dc/terms/" xmlns:xsi="http://www.w3.org/2001/XMLSchema-instance" xmlns:doc="http://www.lyncode.com/xoai" xsi:schemaLocation="http://www.loc.gov/MARC21/slim http://www.loc.gov/standards/marcxml/schema/MARC21slim.xsd">
   <leader>00925njm 22002777a 4500</leader>
   <datafield ind2=" " ind1=" " tag="042">
      <subfield code="a">dc</subfield>
   </datafield>
   <datafield ind2=" " ind1=" " tag="720">
      <subfield code="a">CERCA</subfield>
      <subfield code="e">author</subfield>
   </datafield>
   <datafield ind2=" " ind1=" " tag="260">
      <subfield code="c">2018-11</subfield>
   </datafield>
   <datafield ind2=" " ind1=" " tag="520">
      <subfield code="a">Cada centre membre de CERCA ha de complir el Codi de conducta de l’I-CERCA. Com a membre, l’Institut Català d'Arqueologia Clàssica (ICAC) s’adhereix al Codi de Conducta CERCA. El Codi de conducta proporciona garanties de bona gestió en aspectes de transparència, gestió de la propietat industrial i d’integritat científica, entre d’altres.</subfield>
   </datafield>
   <datafield ind2=" " ind1=" " tag="520">
      <subfield code="a">Each CERCA member centre must comply with the I-CERCA’s Code of Conduct. As a member, ICAC adheres to the CERCA Code of Conduct, which can be viewed in full here. The Code of Conduct provides guarantees of good work done in aspects of transparency, management of industrial property, scientific integrity, among others.</subfield>
   </datafield>
   <datafield ind1="8" ind2=" " tag="024">
      <subfield code="a">https://hdl.handle.net/2072/533372</subfield>
   </datafield>
   <datafield ind2="0" ind1="0" tag="245">
      <subfield code="a">Codi de conducta CERCA</subfield>
   </datafield>
</record></metadata></record></GetRecord></OAI-PMH>